| 000 | 01166nam a2200349 i 4500 | ||
|---|---|---|---|
| 003 | EG-ScBUE | ||
| 005 | 20250525090909.0 | ||
| 008 | 250508t1982 nyua f d 001 0 eng d | ||
| 020 | _a0471029335 | ||
| 040 |
_aEG-ScBUE _beng _erda _cEG-ScBUE _dEG-ScBUE |
||
| 082 | 0 | 4 |
_a534 _bFUN _222 |
| 245 | 0 | 0 |
_aFundamentals of acoustics / _cLawrence E. Kinsler, late professor emeritus, Naval Postgraduate School [and three others] |
| 250 | _aThird edition. | ||
| 264 | 1 |
_aNew York : _bJohn Wiley & Sons, _c[1982] |
|
| 264 | 4 | _cc1982 | |
| 300 |
_axvi, 480 pages : _billustrations ; _c25 cm |
||
| 336 |
_2rdacontent _atext _btxt |
||
| 337 |
_aunmediated _2rdamedia _bn |
||
| 338 |
_avolume _bnc _2rdacarrier |
||
| 500 | _aIncludes index. | ||
| 500 | _aIncludes glossary. | ||
| 650 | 7 |
_aSound-waves. _2BUEsh |
|
| 650 | 7 |
_aSound _xEquipment and supplies. _2BUEsh |
|
| 650 | 7 |
_aArchitectural acoustics. _2BUEsh |
|
| 650 | 7 |
_aUnderwater acoustics. _2BUEsh |
|
| 655 | _vReading book | ||
| 700 | 1 |
_aKinsler, Lawrence E., _eauthor. |
|
| 700 | 1 |
_aFrey, Austin R., _eauthor. |
|
| 700 | 1 |
_aCoppens, Alan B., _eauthor. |
|
| 700 | 1 |
_aSanders, James V., _eauthor. |
|
| 942 |
_cBB _2ddc |
||
| 999 |
_c3868 _d3868 |
||